000 00801nam a2200241 a 4500
003 DO-SdBNP
005 20220516100320.0
008 220516e2019 dr a|||er|||| 001 pdspa d
020 _a9781096180791
040 _aDO-SdBNP
_bspa
_cBNPHU
082 4 _222
_bP328m
245 _aLa mirada del náufrago /
_cPedro de Jesús Paulino; Ilustración, Adriana Paulino
260 _aSanto Domingo :
_bBúho,
_c2019
300 _a97 p. :
_bil. ;
_c23 cm.
500 _aIncluye datos biográficos del autor en la solapa de la cubierta.--
504 _aBiblliografía: p. 24
590 _aInventariado 2022 / MF
650 4 _981340
_aLiteratura
_vPoesía
_xRepública Dominicana
650 4 _963346
_aPoesía Dominicana
700 1 _aPaulino, Adriana,
_epról.
_981614
910 _aMFeliz
942 _2ddc
_cLBS1
999 _c51728
_d51728